| 000 | 00952cam a2200301 a 4500 | ||
|---|---|---|---|
| 999 |
_c478684 _d478684 |
||
| 001 | 9964947 | ||
| 003 | NUST | ||
| 005 | 20180705095054.0 | ||
| 008 | 831019s1974 pk 000 1 urdo | ||
| 010 | _a 75930123 | ||
| 038 | _aArshad | ||
| 040 |
_aDLC _cDLC |
||
| 050 | 0 | 0 |
_aPK2200.N36115 _bK5 1974 |
| 082 |
_a891.4393 _bHIJ |
||
| 100 | 0 |
_aNasīm Ḥijāzī, _d1914-1996. _91008 |
|
| 245 | 1 | 0 |
_aK̲h̲āk aur k̲h̲ūn / _cNasīm Ḥijāzī. |
| 260 |
_aLāhaur : _bQaumī Kutub K̲h̲ānah, _c1974. |
||
| 300 |
_a640 p. ; _c22 cm. |
||
| 500 | _aNovel. | ||
| 546 | _aIn Urdu. | ||
| 651 |
_aUrdu Literature _91043 |
||
| 880 |
_6100-01\r _aنسیم حجازی |
||
| 880 |
_6245-02\r _aخاک اور خون _cنسیم حجازی |
||
| 880 |
_6260-03\r _aلاہور: _bقومی کتب خانہ، _c1974 |
||
| 906 |
_a7 _bcbc _cpremver _d1 _encip _f19 _gy-gencatlg |
||
| 942 |
_2ddc _cBK |
||